[Event "St Petersburg Korchnoi Memorial op"]
[Site "St Petersburg"]
[Date "2019.08.18"]
[Round "5"]
[White "Golikov, Sergei"]
[Black "Gorbatenko, Alexander"]
[Result "0-1"]
[WhiteElo "1722"]
[BlackElo "2038"]
[PlyCount "92"]
[EventDate "2019.08.14"]
[EventType "swiss"]
[EventRounds "9"]
[EventCountry "RUS"]
[SourceTitle "CBM 192"]
[Source "ChessBase"]
[SourceDate "2019.10.31"]
[SourceVersion "1"]
[SourceVersionDate "2019.10.31"]
[SourceQuality "1"]

1. d4 Nf6 2. c4 g6 3. Nc3 d5 4. Bg5 Bg7 5. Bxf6 Bxf6 6. Nxd5 Bg7 7. e3 c5 8. Be2 0-0 9. Nf3 Nc6 10. 0-0 e6 11. Nc3 cxd4 12. exd4 Nxd4 13. Nxd4 Qxd4 14. Qc2 Rb8 15. Rad1 Qc5 16. Ne4 Qc7 17. b3 Bd7 18. Bf3 Bc6 19. Qe2 Rbd8 20. Ng5 Bxf3 21. Qxf3 b6 22. g3 h6 23. Ne4 f5 24. Nc3 Qe5 25. Rxd8 Rxd8 26. Rd1 Rxd1+ 27. Nxd1 Qa1 28. Qe2 Kf7 29. Kg2 Bd4 30. Qd2 g5 31. Ne3 Qc3 32. Qxc3 Bxc3 33. Nc2 g4 34. f3 h5 35. Kf2 Ke7 36. f4 Kd6 37. a3 Kc5 38. Ke3 e5 39. Kd3 exf4 40. Kxc3 fxg3 41. hxg3 f4 42. gxf4 g3 43. Ne3 h4 44. f5 Kd6 45. f6 Ke6 46. Nf5 g2 0-1

[Event "St Petersburg Korchnoi Memorial op"]
[Site "St Petersburg"]
[Date "2019.08.14"]
[Round "1"]
[White "Golikov, Sergei"]
[Black "Pogorelskikh, Sofia"]
[Result "0-1"]
[WhiteElo "1722"]
[BlackElo "2189"]
[PlyCount "104"]
[EventDate "2019.08.14"]
[EventType "swiss"]
[EventRounds "9"]
[EventCountry "RUS"]
[SourceTitle "CBM 192"]
[Source "ChessBase"]
[SourceDate "2019.10.31"]
[SourceVersion "1"]
[SourceVersionDate "2019.10.31"]
[SourceQuality "1"]

1. d4 Nf6 2. Nf3 g6 3. Nc3 d5 4. Bg5 Nbd7 5. e3 Bg7 6. Be2 0-0 7. h4 c6 8. Nd2 e5 9. dxe5 Nxe5 10. Nf3 Nxf3+ 11. Bxf3 Qb6 12. Rb1 Re8 13. 0-0 Ne4 14. Nxe4 dxe4 15. Be2 Be6 16. b3 h6 17. Bf4 Qa5 18. a4 Rad8 19. Qc1 Qc3 20. Rd1 Rxd1+ 21. Qxd1 Bf6 22. Bc4 Rd8 23. Qe1 Bg4 24. Qxc3 Bxc3 25. Bxh6 Rd2 26. Rf1 Rxc2 27. f3 exf3 28. gxf3 Bh3 29. Rf2 Rc1+ 30. Kh2 Be6 31. Bxe6 fxe6 32. e4 Rb1 33. Be3 a6 34. Ra2 Rxb3 35. Kg3 Kf7 36. Bg5 Be5+ 37. Kg4 Rb2 38. Rxb2 Bxb2 39. Kg3 b5 40. axb5 cxb5 41. Bd2 Ba3 42. Kf2 Be7 43. Bg5 Bxg5 44. hxg5 a5 45. Ke2 a4 46. Kd2 a3 47. Kc2 e5 48. Kb3 b4 49. Ka2 Ke6 50. Kb3 Kd6 51. Ka2 Kc5 52. Kb3 Kd4 0-1

[Event "St Petersburg Summer op"]
[Site "St Petersburg"]
[Date "2017.08.22"]
[Round "7"]
[White "Golikov, Sergei"]
[Black "Hameau, Cyril"]
[Result "0-1"]
[WhiteElo "1737"]
[BlackElo "1879"]
[PlyCount "158"]
[EventDate "2017.08.16"]
[EventType "swiss"]
[EventRounds "9"]
[EventCountry "RUS"]
[SourceTitle "CBM 180 Extra"]
[Source "ChessBase"]
[SourceDate "2017.10.06"]
[SourceVersion "1"]
[SourceVersionDate "2017.10.06"]
[SourceQuality "1"]

1. d4 Nf6 2. Nf3 e6 3. Bf4 d5 4. e3 c5 5. c3 Nc6 6. Nbd2 Be7 7. Ne5 0-0 8. Bd3 Nxe5 9. dxe5 Ne8 10. h4 f5 11. g4 d4 12. Qe2 a6 13. gxf5 exf5 14. exd4 cxd4 15. Nf3 b5 16. Bc2 dxc3 17. Bb3+ Kh8 18. bxc3 Qc7 19. Bd2 Bb7 20. Rh3 Rd8 21. Ng5 Bxg5 22. hxg5 g6 23. e6 Qe7 24. c4 b4 25. Qe5+ Ng7 26. c5 Rxd2 27. Kxd2 Qxg5+ 28. Re3 Rd8+ 29. Kc1 Be4 30. Bd1 Re8 31. Kb2 Qh4 32. Rc1 Bc6 33. Rc2 h5 34. Rd2 Kh7 35. Qd4 Qe7 36. Bb3 a5 37. Qd6 Qf6+ 38. Qe5 Qh4 39. e7 a4 40. Bf7 a3+ 41. Kc1 Rc8 42. e8Q Bxe8 43. Bxe8 Rxe8 44. Qd4 Re4 45. Rxe4 fxe4 46. Qxb4 Qh1+ 47. Kc2 Qf3 48. Qc3 Qf5 49. Kb3 Ne6 50. c6 Qb5+ 51. Kxa3 Nc5 52. c7 Qa6+ 53. Kb4 Qb6+ 54. Ka3 Qa7+ 55. Kb4 Qb6+ 56. Kc4 Qxc7 57. Qg3 Qa5 58. Rd6 Ne6 59. Rd7+ Ng7 60. Qb3 Qa6+ 61. Kd4 Qf6+ 62. Kc5 Qxf2+ 63. Kc6 e3 64. Qf7 Qc2+ 65. Kd6 Qd3+ 66. Ke7 Qe4+ 67. Kf8 Qa8+ 68. Ke7 e2 69. Kd6 Qa6+ 70. Kc5 Qa5+ 71. Kd4 Qb4+ 72. Kd5 Qd2+ 73. Kc6 Qc3+ 74. Kb7 e1Q 75. Rc7 Qe4+ 76. Kb8 Qee5 77. Kc8 Qca5 78. Ra7 Qec5+ 79. Rc7 Qf5+ 0-1

[Event "St Petersburg Summer op"]
[Site "St Petersburg"]
[Date "2017.08.20"]
[Round "5"]
[White "Nuritdinov, Nizomitdin"]
[Black "Golikov, Sergei"]
[Result "0-1"]
[WhiteElo "2010"]
[BlackElo "1737"]
[PlyCount "116"]
[EventDate "2017.08.16"]
[EventType "swiss"]
[EventRounds "9"]
[EventCountry "RUS"]
[SourceTitle "CBM 180 Extra"]
[Source "ChessBase"]
[SourceDate "2017.10.06"]
[SourceVersion "1"]
[SourceVersionDate "2017.10.06"]
[SourceQuality "1"]

1. d4 d5 2. Nf3 Nf6 3. c4 c6 4. e3 g6 5. Nc3 Bg7 6. Ne5 Nbd7 7. f4 0-0 8. Bd3 dxc4 9. Bxc4 Nxe5 10. fxe5 Nd5 11. 0-0 Be6 12. Be2 Bh6 13. Nxd5 Bxd5 14. b3 Be4 15. Bf3 Qd5 16. Bxe4 Qxe4 17. Rf3 Rad8 18. Rh3 Bg7 19. Qf3 Rxd4 20. Bb2 Qxf3 21. gxf3 Rd2 22. Bd4 b6 23. b4 Rc8 24. f4 Rc2 25. e4 Rc4 26. Bc3 Rxe4 27. Rf3 c5 28. b5 Rd8 29. a4 f6 30. a5 fxe5 31. axb6 axb6 32. Ra6 Rb8 33. Ra7 exf4 34. Bd2 Bd4+ 35. Kf1 g5 36. h4 g4 37. Rfa3 Kf7 38. Rd7 h5 39. Raa7 Bf6 40. Rab7 Rxb7 41. Rxb7 Rd4 42. Bc3 Rd6 43. Be1 g3 44. Ra7 Bxh4 45. Ra4 g2+ 46. Kxg2 Bxe1 47. Rxf4+ Rf6 48. Re4 Bc3 49. Kh3 e5 50. Ra4 Kg6 51. Ra8 Rf3+ 52. Kg2 e4 53. Re8 Kf5 54. Rf8+ Bf6 55. Rb8 Bd4 56. Rxb6 Rf2+ 57. Kg3 h4+ 58. Kxh4 Be5 0-1

[Event "St Petersburg Summer op"]
[Site "St Petersburg"]
[Date "2017.08.19"]
[Round "4"]
[White "Golikov, Sergei"]
[Black "Zavgorodniaya, Alena"]
[Result "1/2-1/2"]
[WhiteElo "1737"]
[BlackElo "2047"]
[PlyCount "106"]
[EventDate "2017.08.16"]
[EventType "swiss"]
[EventRounds "9"]
[EventCountry "RUS"]
[SourceTitle "CBM 180 Extra"]
[Source "ChessBase"]
[SourceDate "2017.10.06"]
[SourceVersion "1"]
[SourceVersionDate "2017.10.06"]
[SourceQuality "1"]

1. d4 d5 2. Nf3 Nf6 3. Bf4 c5 4. e3 Nc6 5. c3 Qb6 6. Qb3 c4 7. Qxb6 axb6 8. Na3 Bg4 9. Nb5 Ra5 10. a4 Kd7 11. Bc7 Ra6 12. Ne5+ Nxe5 13. Bxe5 Bf5 14. Bxf6 gxf6 15. Kd2 Bh6 16. Be2 Rha8 17. g4 Bg6 18. Bd1 f5 19. h3 f4 20. h4 Be4 21. Rg1 fxe3+ 22. fxe3 Bg7 23. Rf1 Rf8 24. Bc2 Bg6 25. b3 cxb3 26. Bxb3 e6 27. Bc2 Raa8 28. Bxg6 hxg6 29. Kc2 f5 30. g5 e5 31. Kb3 Rae8 32. Rae1 Rh8 33. Rh1 exd4 34. cxd4 Re6 35. Kc2 Rhe8 36. Kd3 f4 37. Rh3 Bf8 38. Rf3 Bb4 39. Re2 fxe3 40. Rfxe3 Rxe3+ 41. Rxe3 Ra8 42. Re5 Rxa4 43. Rxd5+ Kc6 44. Ke4 Ra5 45. h5 gxh5 46. g6 h4 47. g7 Ra8 48. Na7+ Kc7 49. Nb5+ Kc6 50. Na7+ Kc7 51. Rg5 Rg8 52. Kf5 Bd2 53. Rg4 Bh6 1/2-1/2

[Event "Chigorin Memorial 24th"]
[Site "St Petersburg"]
[Date "2016.10.22"]
[Round "8"]
[White "Golikov, Sergei"]
[Black "Ageeva, Vasilisa"]
[Result "1/2-1/2"]
[WhiteElo "1789"]
[BlackElo "1556"]
[PlyCount "95"]
[EventDate "2016.10.15"]
[EventType "swiss"]
[EventRounds "9"]
[EventCountry "RUS"]
[SourceTitle "CBM 175 Extra"]
[Source "ChessBase"]
[SourceDate "2016.12.12"]
[SourceVersion "1"]
[SourceVersionDate "2016.12.12"]
[SourceQuality "1"]

1. Nf3 Nf6 2. g3 Nc6 3. d4 d5 4. Bg2 Bf5 5. 0-0 g6 6. Re1 Bg7 7. Nh4 Bd7 8. Nc3 0-0 9. Nxd5 Nxd5 10. Bxd5 Bxd4 11. c3 Bf6 12. Bh6 Re8 13. Nf3 e6 14. Bb3 Qe7 15. e4 e5 16. Qe2 Rad8 17. Rad1 Bg4 18. Qe3 Bg7 19. Bxg7 Kxg7 20. Ba4 Qf6 21. Rxd8 Rxd8 22. Bxc6 Qxf3 23. Qxf3 Bxf3 24. Bxb7 Rb8 25. Bd5 Rxb2 26. Bb3 f5 27. exf5 gxf5 28. Kf1 Kf6 29. Ra1 h5 30. Re1 e4 31. Re3 Rb1+ 32. Re1 Rb2 33. Re3 Rb1+ 34. Re1 Rb2 35. c4 Kg5 36. c5 Kg4 37. Be6 Rc2 38. h3+ Kg5 39. Bb3 Rxc5 40. Bd1 Rd5 41. Bxf3 exf3 42. Rc1 Rd2 43. a4 c5 44. Ke1 Re2+ 45. Kf1 Ra2 46. Ke1 Re2+ 47. Kf1 Ra2 48. Ke1 1/2-1/2

[Event "Chigorin Memorial 24th"]
[Site "St Petersburg"]
[Date "2016.10.16"]
[Round "2"]
[White "Golikov, Sergei"]
[Black "Aseev, Vladimir"]
[Result "0-1"]
[WhiteElo "1789"]
[BlackElo "2087"]
[PlyCount "72"]
[EventDate "2016.10.15"]
[EventType "swiss"]
[EventRounds "9"]
[EventCountry "RUS"]
[SourceTitle "CBM 175 Extra"]
[Source "ChessBase"]
[SourceDate "2016.12.12"]
[SourceVersion "1"]
[SourceVersionDate "2016.12.12"]
[SourceQuality "1"]

1. d4 Nf6 2. Nf3 g6 3. g3 Bg7 4. Bg2 0-0 5. 0-0 d6 6. Nc3 Nbd7 7. e4 c6 8. h3 e5 9. dxe5 dxe5 10. Be3 Qe7 11. a3 Nc5 12. Bg5 h6 13. Bxf6 Bxf6 14. b4 Ne6 15. Qc1 Kh7 16. Qe3 Nd4 17. Rac1 a5 18. Ne2 axb4 19. axb4 Qxb4 20. Nexd4 exd4 21. Qf4 Bg7 22. e5 c5 23. Qh4 Re8 24. Ng5+ Kg8 25. Ne4 Rxe5 26. Qd8+ Kh7 27. Nd6 Qa4 28. Ra1 Qxa1 29. Rxa1 Rxa1+ 30. Kh2 Be6 31. Nxb7 Rc1 32. Nd6 Rxc2 33. Ne4 Bd5 34. f3 Bxe4 35. fxe4 Rxe4 36. Qd5 Ree2 0-1

[Event "Chigorin Memorial 24th"]
[Site "St Petersburg"]
[Date "2016.10.15"]
[Round "1"]
[White "Bykov, Egor"]
[Black "Golikov, Sergei"]
[Result "1-0"]
[WhiteElo "2292"]
[BlackElo "1789"]
[PlyCount "91"]
[EventDate "2016.10.15"]
[EventType "swiss"]
[EventRounds "9"]
[EventCountry "RUS"]
[SourceTitle "CBM 175 Extra"]
[Source "ChessBase"]
[SourceDate "2016.12.12"]
[SourceVersion "1"]
[SourceVersionDate "2016.12.12"]
[SourceQuality "1"]

1. d4 d5 2. Nf3 Nf6 3. Bf4 c5 4. c3 cxd4 5. cxd4 Nc6 6. Nc3 a6 7. e3 g6 8. Be2 Bg7 9. h3 0-0 10. 0-0 Bf5 11. Rc1 Rc8 12. Na4 b5 13. Nc5 Qb6 14. g4 Be6 15. Nxe6 fxe6 16. Ne1 Nd7 17. Nd3 Qb7 18. Bg3 e5 19. dxe5 Ncxe5 20. Rxc8 Rxc8 21. Nf4 Nb6 22. Ne6 Nf7 23. Nxg7 Kxg7 24. Qd4+ Kg8 25. h4 Nd7 26. Rd1 e6 27. e4 Qb6 28. exd5 Qxd4 29. Rxd4 exd5 30. Rxd5 Nf6 31. Rd4 Rc2 32. Bd1 Rxb2 33. Bb3 Kg7 34. g5 Nh5 35. Rd7 Rxb3 36. axb3 Nxg3 37. fxg3 a5 38. Rd5 a4 39. b4 h6 40. gxh6+ Nxh6 41. Rxb5 Nf5 42. Kh2 Nd4 43. Ra5 Kh6 44. Rxa4 g5 45. hxg5+ Kxg5 46. b5 1-0

[Event "Yerevan Asrian Memorial 9th"]
[Site "Yerevan"]
[Date "2016.06.23"]
[Round "8"]
[White "Golikov, Sergei"]
[Black "Gavrish, Leonid"]
[Result "1-0"]
[WhiteElo "1774"]
[BlackElo "2212"]
[PlyCount "95"]
[EventDate "2016.06.16"]
[EventType "swiss"]
[EventRounds "9"]
[EventCountry "ARM"]
[SourceTitle "CBM 173 Extra"]
[Source "ChessBase"]
[SourceDate "2016.08.29"]
[SourceVersion "1"]
[SourceVersionDate "2016.08.29"]
[SourceQuality "1"]

1. e4 d6 2. d4 Nf6 3. Nc3 g6 4. Be2 Bg7 5. Be3 0-0 6. h4 d5 7. e5 Ne4 8. Nxe4 dxe4 9. h5 c5 10. hxg6 hxg6 11. c3 cxd4 12. cxd4 Nc6 13. Bc4 b5 14. Bb3 Qa5+ 15. Bd2 Qb6 16. Be3 Rd8 17. d5 Qb8 18. Qc2 Nxe5 19. Qxe4 Bf5 20. Qh4 Nd3+ 21. Kf1 Qe5 22. Nf3 Qxb2 23. Rd1 Rac8 24. Bd4 Bxd4 25. Nxd4 Qxf2+ 26. Qxf2 Nxf2 27. Kxf2 Bg4 28. Rde1 e6 29. dxe6 Rxd4 30. exf7+ Kg7 31. Re8 Rf4+ 32. Kg3 Rxf7 33. Bxf7 Kxf7 34. Rxc8 Bxc8 35. Rh7+ Kf6 36. Rxa7 Bf5 37. Kf3 Bd3 38. Ra6+ Kg5 39. Ra5 Kh4 40. g3+ Kh3 41. Ra8 Kh2 42. a3 Bc4 43. Rh8+ Kg1 44. g4 Bb3 45. g5 Bd1+ 46. Ke3 Kg2 47. Rb8 Ba4 48. Rb6 1-0

[Event "Sverdlovsk Region-ch final"]
[Site "Ekaterinburg"]
[Date "2008.11.27"]
[Round "7"]
[White "Logachiov, Aleksandr"]
[Black "Golikov, Sergei"]
[Result "1-0"]
[WhiteElo "2159"]
[BlackElo "1962"]
[PlyCount "75"]
[EventDate "2008.11.23"]
[EventType "swiss"]
[EventRounds "9"]
[EventCountry "RUS"]
[SourceTitle "EXT 2022"]
[Source "ChessBase"]
[SourceDate "2021.10.06"]
[SourceVersion "1"]
[SourceVersionDate "2021.10.06"]
[SourceQuality "1"]

1. d4 d5 2. Nf3 c6 3. e3 e6 4. Bd3 Bd6 5. 0-0 Nd7 6. b3 f5 7. Ba3 Bc7 8. c4 Ne7 9. Nc3 0-0 10. Rc1 Rf6 11. Bxe7 Qxe7 12. cxd5 exd5 13. Nxd5 Bxh2+ 14. Nxh2 cxd5 15. Rc7 Qe8 16. a4 Nf8 17. Bb5 Qd8 18. Qc2 a6 19. Rc1 Be6 20. Be2 Bd7 21. Rc3 Rh6 22. g3 Ng6 23. Bf3 Be6 24. Bg2 Ne7 25. b4 Nc6 26. Qb3 Qd6 27. Rc5 Rd8 28. a5 Rg6 29. Nf3 Bf7 30. Qc3 Re8 31. b5 Nxa5 32. Ne5 b6 33. Nxf7 Kxf7 34. Rxd5 Qe6 35. Re5 Qd7 36. Qc7 Rd6 37. Rxe8 Kxe8 38. Qb8+ 1-0